000 00907nam a2200253 i 4500
001 142528
003 ES-MaACL
005 20250804082047.0
007 t|
008 071005s1957 sp ||||1| spa d
080 _a164
080 _a81:1
100 1 _aWittgenstein, Ludwig.
_9117183
245 1 0 _aTractatus logico-philosophicus /
_cLudwig Wittgenstein ; con una introducción de Bertrand Russell ; traducción castellana de Enrique Tierno Galván.
260 _aMadrid :
_bRevista de Occidente,
_c1957.
300 _a209 p. ;
_c22 cm.
650 7 _aLógica matemática
_2embne
_914697
650 4 _aLenguaje-
_xFilosofía.
_914344
700 1 _aRussell, Bertrand,
_d1872-1970
_9101033
700 1 _aTierno Galván, Enrique,
_d1918-1986
_9110235
852 4 _aES-MaACL
_jC-11893
852 4 _aES-MaACL
_jE-12440
_z- Biblioteca Jacinto Martínez Lacalle
999 _c142528
_d142528